Online
Catalog
Normal view MARC view

Entry Nombre corporativo

Number of records used in: 21

001 - NÚMERO DE CONTROL

  • campo de control: 84773

003 - IDENTIFICADOR DEL NÚMERO DE CONTROL

  • campo de control: DO-SdBNP

005 - FECHA Y HORA DE LA ÚLTIMA TRANSACCIÓN

  • campo de control: 20240115102408.0

008 - DATOS DE LONGITUD FIJA

  • campo de control de longitud fija: 240115|| aca||aabn | a|a d

040 ## - FUENTE DE LA CATALOGACIÓN

  • Centro catalogador/agencia de origen: DO-SdBNP
  • Centro/agencia transcriptor: DO-SdBNP

110 ## - ENCABEZAMIENTO-NOMBRE DE ENTIDAD CORPORATIVA

  • Nombre de entidad corporativa o nombre de jurisdicción como elemento de entrada: Instituto Profesional de Santo Domingo
  • Unidad subordinada: Facultad de derecho Civil

670 ## - FUENTE DE DATOS ENCONTRADOS

  • Cita de la fuente: Work cat.: (DO-SdBNP)55657: Instituto Profesional de Santo Domingo Facultad de derecho Civil, Efectos jurídicos del matrimonio putativo en caso de bigamia :

Powered by Koha